| 000 | 00626nam a2200217 a 4500 | ||
|---|---|---|---|
| 999 |
_c4080 _d4080 |
||
| 001 | 4080 | ||
| 003 | BD-JhCC | ||
| 005 | 20171122192130.0 | ||
| 008 | 171122s2003 bg a|||| ||a| 000 0 ben d | ||
| 035 | _a(BD-JhCC) 4080 | ||
| 040 |
_aBD-JhCC _dBD-JhCC |
||
| 041 | _aben | ||
| 082 |
_a891.4435 _bCHO 2003 |
||
| 100 | _aচৌধুরী, এহসান | ||
| 245 |
_aচার ইয়ারের হাসির গল্প / _c এহসান চৌধুরী |
||
| 260 |
_aঢাকা : _bবইপত্র , _c2003 |
||
| 300 |
_a56 p .: _c24 cm . |
||
| 650 | _aComic Story | ||
| 942 |
_2ddc _cBK |
||